000 00601nam a2200181Ia 4500
005 20250508151348.0
008 008 250505s9999 xx 000 0 eng d
037 _aBooks to be hide in OPAC
040 _aFEDL
_beng
_cFEDL
041 _aeng
_2eng
084 _a310, STA/O
_qFEDL
100 _aSteinberg S H Ed.
_9432874
245 0 _aStatesman's year-book : Statistical and historical annual of the states of the world for the year 1954
260 _aNew York, USA
_bMacmillan and Company Ltd.
_c1954
300 _axxiv,1608p.
942 _cHB
_h310, STA/O
999 _c1329283
_d1329283